Química analítica contemporánea
Guardat en:
| Autors principals: | , |
|---|---|
| Format: | Llibre |
| Idioma: | espanyol |
| Publicat: |
Ciudad de México
Prentice Hall
2000
|
| Matèries: | |
| Etiquetes: |
Afegir etiqueta
Sense etiquetes, Sigues el primer a etiquetar aquest registre!
|
MARC
| LEADER | 00000nam a2200000 a 4500 | ||
|---|---|---|---|
| 001 | UCJ0664 | ||
| 003 | CL-VaPUC | ||
| 008 | 060825e20000000MX |||||||||||||||||spa|d | ||
| 020 | |a 9701703421 | ||
| 082 | 0 | 4 | |a 543 |b RUB |2 21 |
| 100 | 0 | |a Rubinson, Judith F |e author |9 500904 | |
| 700 | 0 | |a Rubinson, Kenneth A |e author |9 500905 | |
| 245 | 1 | 0 | |a Química analítica contemporánea |
| 300 | |a 615 p | ||
| 942 | |c BK | ||
| 945 | |d 20060825 00:00:00 |a jtorresc | ||
| 260 | |a Ciudad de México |b Prentice Hall |c 2000 | ||
| 650 | 0 | |a Química analítica |9 259648 | |
| 583 | |a last modification |c 20140408 10:33:40 |k Rodrigo Vera | ||
| 999 | |c 317428 |d 317426 | ||
| 952 | |0 0 |1 0 |4 0 |6 543_000000000000000_RUB_2000 |7 0 |8 A |9 393788 |a BIBCUR |b BIBCUR |d 2019-11-22 |i 4264096 |l 1 |o 543 RUB 2000 |p 4264096 |r 2025-04-22 |s 2022-09-20 |w 2019-11-22 |y BK |k BCB | ||